Normal view
MARC view
Entry Geographic Name
001 - CONTROL NUMBER
- control field: 436636
003 - CONTROL NUMBER IDENTIFIER
- control field:
005 - DATE AND TIME OF LATEST TRANSACTION
- control field: 20210602125416.0
008 - FIXED-LENGTH DATA ELEMENTS
- fixed length control field: 210602|| aca||aabn | a|a d
040 ## - CATALOGING SOURCE
- Original cataloging agency:
- Transcribing agency:
151 ## - HEADING--GEOGRAPHIC NAME
- Geographic name: Khandesh (India)
670 ## - SOURCE DATA FOUND
- Source citation: Work cat.: (): Mahdi Husain 436635, Khandesh in new light :, 1963
